Libros de los Estados Unidos traducidos al idioma español (Record no. 147176)

MARC details
000 -LEADER
campo de control de longitud fija 00793nam a2200193 i 4500
001 - NÚMERO DE CONTROL
campo de control 147176
003 - IDENTIFICADOR DE NÚMERO DE CONTROL
campo de control ES-MaACL
005 - FECHA Y HORA DE LA ÚLTIMA TRANSACCIÓN
campo de control 20250830214546.0
007 - CAMPO FIJO DE DESCRIPCIÓN FÍSICA--INFORMACIÓN GENERAL
campo de control de longitud fija t|
008 - DATOS DE LONGITUD FIJA--INFORMACIÓN GENERAL
campo de control de longitud fija 070924s1983 ag b |||| | spa d
245 00 - MENCIÓN DEL TÍTULO
Título Libros de los Estados Unidos traducidos al idioma español
Resto del título : tomados de catálogos vigentes hasta enero 1983 /
Mención de responsabilidad, etc. Mary C. Turner, compiladora.
260 ## - PUBLICACIÓN, DISTRIBUCIÓN, ETC.
Lugar de publicación, distribución, etc. Buenos Aires :
Nombre del editor, distribuidor, etc. Servicio Informativo y Cultural de los Estados Unidos.
300 ## - DESCRIPCIÓN FÍSICA
Extensión 320 p. ;
Dimensiones 27 cm.
650 #4 - PUNTO DE ACCESO ADICIONAL DE MATERIA--TÉRMINO DE MATERIA
Término de materia o nombre geográfico como elemento de entrada Literatura norteamericana-
Subdivisión general Traducciones al español-
Subdivisión de forma Bibliografías.
9 (RLIN) 167883
700 1# - ENTRADA AGREGADA--NOMBRE PERSONAL
Nombre de persona Turner, Mary C.
9 (RLIN) 111743
710 1# - ENTRADA AGREGADA--NOMBRE DE ENTIDAD CORPORATIVA
Nombre de entidad corporativa o nombre de jurisdicción como elemento de entrada Argentina.
Unidad subordinada Centro Regional del Libro.
-- Servicio Informativo y Cultural de los Estados Unidos
9 (RLIN) 6583
852 ## - LOCALIZACIÓN
Ubicación ES-MaACL
Número de control de estantería L-5557
Holdings
Estatus retirado Estado de pérdida Estado de daño No para préstamo Biblioteca de origen Biblioteca actual Ubicación en estantería Fecha de adquisición Fuente de adquisición Total de préstamos Signatura topográfica completa Código de barras Visto por última vez Precio de reemplazo Tipo de ítem Koha
        Biblioteca del Ateneo de Madrid Biblioteca del Ateneo de Madrid Depósito 2 17/01/2008     L-5557 1153590 23/02/2023 23/02/2023 Libro impreso